000 00736nas a2200253 4500
001 BR9103093
003 BR-BrBNA
005 20231205092044.0
007 ta
008 230509b bl.|||p| |||| 00| 00por d
040 _aBR-BrBNA
_bpor
_cBiblioteca Nacional de Agricultura
041 _a(Pt)
072 _aL74
100 1 _aSchultz, L.H.
245 1 _aVitamina e selenio ajudam a prevenir a retencao de placenta
650 _aGADO LEITEIRO
650 _aRETENCAO DE PLACENTA
650 _aDISTURBIO FISIOLOGICO
650 _aVITAMINA
650 _aSELENIO
773 0 _tGado Holandes (Brazil)
_xISSN 0101-7977
_g(Nov 1989), v. 55(168) p. 68-69
_wBR9103093
909 _a202311
_bLúcia
_c55
_dLúcia Elande
942 _2AGRIS
_n0
_cANA
999 _c128986
_d128986